000 00980nam a2200265Ia 4500
003 OSt
005 20221005103753.0
006 a|||||r|||| 00| 0
007 ta
008 221004b |||||||| |||| 00| 0 san d
020 _a9789380943534 (hbk)
_cINR 350.00
024 _a29751
037 _b286, 07/03/2017, Eastern Book Linkers
_cTextual
040 _aCRL
_cCRL
_bsan
041 _2san
_asan
082 _aO15,1A2:g(R4), 111Q6
100 _aवर्मा, सत्यव्रत, ले.
245 0 _aविदुरनीतिः
246 _aViduranītiah
260 _aदिल्ली
_bआर्यव्रत संस्कृति संस्थान भारत
_c2016
300 _a216पृ0
_ccm.
650 _aसंस्कृत कविता
942 _hO15,1A2:g(R4), 111Q6
_cTEXL
_2cc
999 _c1010862
_d1010862